Fideles et laics dans l'église: fondement de leur statuts juridiques respectifs

Uloženo v:
Podrobná bibliografie
Hlavní autor: Portillo, Alvaro del (Autor)
Médium: Kniha
Jazyk:francouzština
Vydáno: París S.O.S 1980
Témata:
Tagy: Přidat tag
Žádné tagy, Buďte první, kdo vytvoří štítek k tomuto záznamu!

MARC

LEADER 00000nam a2200000 a 4500
001 UCX2603
003 CL-VaPUC
008 910705e19800000FR |||||||||||||||||fre|d
082 0 4 |a 262.9  |b POR  |2 21 
100 0 |a Portillo, Alvaro del  |e author  |9 318611 
245 1 0 |a Fideles et laics dans l'église: fondement de leur statuts juridiques respectifs 
300 |a 254 p 
942 |c BK 
945 |d 19910705 00:00:00 
260 |a París  |b S.O.S  |c 1980 
650 7 |a LAICOS DERECHO CANONICO  |2 CL-VaPUC  |9 318195 
650 0 |a Opus dei   |9 318612 
583 |a last modification  |c 19910705 00:00:00  |k Rodrigo Vera 
999 |c 223593  |d 223591 
952 |0 0  |1 0  |4 0  |6 262_900000000000000_POR_1980  |7 0  |8 A  |9 219556  |a BIBTEO  |b BIBTEO  |d 2019-11-15  |i 2882493  |o 262.9 POR 1980  |p 2882493  |r 2025-01-17  |w 2019-11-15  |y BK  |k ICR